00484cam a22001572 4500001001100000005001700011008004100028020002600069040001500095100003300110245005400143250001200197260004900209300001200258650005600270000000850820151217145841.0080418s xx 000 0 eng d a1856842037 :cKES 730 aKABUcKABU1 aHacking, Philip.@000015912510aIsaiah :bCrossway Bible guide /cPhilip Hacking. a2nd ed. aLeicester, England :bCrossway Books,c2001. a192 p. 0aBible.O. T. IsaiahxStudy and teaching.@0000159126